HBR guide to building your business case / (Record no. 17530)

000 -LEADER
fixed length control field 02123cam a2200253 i 4500
020 ## - INTERNATIONAL STANDARD BOOK NUMBER
ISBN 9781633690028 (paperback)
040 ## - CATALOGING SOURCE
Transcribing agency DLC
082 00 - DEWEY DECIMAL CLASSIFICATION NUMBER
Classification number 658 HAR 2015 A116 Or.
100 1# - MAIN ENTRY--AUTHOR NAME
Personal name Sheen, Raymond.
245 10 - TITLE STATEMENT
Title HBR guide to building your business case /
300 ## - PHYSICAL DESCRIPTION
Number of Pages xv, 149 pages :
Other physical details illustrations ;
Dimensions 23 cm.
490 0# - SERIES STATEMENT
Series statement Harvard Business Review guides
520 ## - SUMMARY, ETC.
Summary, etc "You've got a great idea that will increase revenue or productivity-but how do you get approval to make it happen? By building a business case that clearly shows its value. Maybe you struggle to win support for projects because you're not sure what kind of data your stakeholders will trust, or naysayers always seem to shoot your ideas down at the last minute. Or perhaps you're intimidated by analysis and number crunching, so you just take a stab at estimating costs and benefits, with little confidence in your accuracy. To get any idea off the ground at your company you'll have to make a strong case for it. This guide gives you the tools to do that"--
520 ## - SUMMARY, ETC.
Summary, etc "You've got a great idea that will increase revenue or productivity--but how do you get approval to make it happen? By building a business case that clearly shows its value. Maybe you struggle to win support for projects because you're not sure what kind of data your stakeholders will trust, or naysayers always seem to shoot your ideas down at the last minute. Or perhaps you're intimidated by analysis and number crunching, so you just take a stab at estimating costs and benefits, with little confidence in your accuracy. To get any idea off the ground at your company you'll have to make a strong case for it. This guide gives you the tools to do that"--
650 #0 - SUBJECT ADDED ENTRY--TOPICAL TERM
Topical Term Business planning.
650 #0 - SUBJECT ADDED ENTRY--TOPICAL TERM
Topical Term Strategic planning.
650 #0 - SUBJECT ADDED ENTRY--TOPICAL TERM
Topical Term New business enterprises
650 #7 - SUBJECT ADDED ENTRY--TOPICAL TERM
Topical Term BUSINESS & ECONOMICS / Strategic Planning.
650 #7 - SUBJECT ADDED ENTRY--TOPICAL TERM
Topical Term BUSINESS & ECONOMICS / Business Communication / Meetings & Presentations.
650 #7 - SUBJECT ADDED ENTRY--TOPICAL TERM
Topical Term BUSINESS & ECONOMICS / Management.
650 #7 - SUBJECT ADDED ENTRY--TOPICAL TERM
Topical Term BUSINESS & ECONOMICS / Economics / General.
700 1# - ADDED ENTRY--PERSONAL NAME
Personal name Gallo, Amy.
942 ## - ADDED ENTRY ELEMENTS (KOHA)
Koha item type ADB
952 ## - LOCATION AND ITEM INFORMATION (KOHA)
Withdrawn status [LOCAL, KOHA] 0
Holdings
Permanent Location Date acquired Koha item type Lost status Shelving location Barcode Current Location Full call number
Library Block A2018-12-05សៀវភៅភាសាអង់គ្លេស A117A36827Library Block A658 HAR 2015 A117 Or.
មជ្ឈមណ្ឌលឯការនៃសាកលវិទ្យាល័យភូមិន្ទកសិកម្មចំការដូង

Powered by Koha